Pokémon from Unova (#494 - #579) - Picture Quiz - Statistics

General Stats
  • This quiz has been taken 12 times
    10 since last reset
  • The average score is 57 of 86
Answer Stats
# Sprite Typing Answer % Correct
501 Oshawott
100%
551 Sandile
100%
495 Snivy
100%
494 Victini
100%
570 Zorua
100%
531 Audino
90%
555 Darmanitan
90%
502 Dewott
90%
503 Samurott
90%
539 Sawk
90%
497 Serperior
90%
498 Tepig
90%
562 Yamask
90%
550 Basculin
80%
554 Darumaka
80%
500 Emboar
80%
530 Excadrill
80%
553 Krookodile
80%
572 Minccino
80%
517 Munna
80%
515 Panpour
80%
511 Pansage
80%
519 Pidove
80%
499 Pignite
80%
537 Seismitoad
80%
508 Stoutland
80%
538 Throh
80%
527 Woobat
80%
571 Zoroark
80%
566 Archen
70%
573 Cinccino
70%
534 Conkeldurr
70%
529 Drilbur
70%
507 Herdier
70%
552 Krokorok
70%
506 Lillipup
70%
536 Palpitoad
70%
513 Pansear
70%
504 Patrat
70%
509 Purrloin
70%
516 Simipour
70%
528 Swoobat
70%
535 Tympole
70%
521 Unfezant
70%
543 Venipede
70%
523 Zebstrika
70%
567 Archeops
60%
522 Blitzle
60%
525 Boldore
60%
563 Cofagrigus
60%
526 Gigalith
60%
574 Gothita
60%
575       Gothorita
60%
533 Gurdurr
60%
542 Leavanny
60%
549 Lilligant
60%
518 Musharna
60%
524 Roggenrola
60%
545 Scolipede
60%
496 Servine
60%
561 Sigilyph
60%
512 Simisage
60%
514 Simisear
60%
532 Timburr
60%
520 Tranquill
60%
505 Watchog
60%
547 Whimsicott
60%
546 Cottonee
50%
569 Garbodor
50%
576 Gothitelle
50%
510 Liepard
50%
579 Reuniclus
50%
577 Solosis
50%
564 Tirtouga
50%
568 Trubbish
50%
578 Duosion
40%
556 Maractus
40%
548 Petilil
40%
559 Scraggy
40%
540 Sewaddle
40%
541 Swadloon
40%
565 Carracosta
30%
560 Scrafty
30%
544 Whirlipede
30%
558 Crustle
20%
557 Dwebble
20%
No matching quizzes found
Score Distribution
Percent of People with Each Score
Percentile by Number Answered
Your Score History
You have not taken this quiz since the last reset